| 000 | 01629 a2200181 4500 | ||
|---|---|---|---|
| 020 | _a0071177221 | ||
| 020 | _a9780071177221 | ||
| 090 |
_c2008 _d2008 |
||
| 100 | 1 | _aLocker, Kitty O. | |
| 245 | 1 | 0 |
_aBusiness and administrative communication / _cKitty O. Locker. |
| 260 |
_a[S.l.] : _bMcGraw Hill Higher Education, _c1999. |
||
| 300 | _a1 v. (unpaged) | ||
| 500 | _aPaperback. | ||
| 520 | _aDonna Kienzler shares the same vision for the book and research philosophy as Kitty. She uses a student-friendly writing style and strong design element to hold student's attention. The ninth edition of Business and Communication by Donna Kienzler is a true leader in the business communication field. Beyond covering the broad scope of topics in both oral and written business communication, Locker's text uses a student-friendly writing style and strong design element to hold student's attention. Real-world examples and real business applications underscore the relevance and importance of the material presented to the classroom experience and to the students' careers. The 9th edition also conveys the best possible advice to students through its research base; the author's reputation as a contributor to this field of study lends an even greater element of "teachability" and relevance to this market- leading title. If schools stress critical thinking and professional development, show them this book. | ||
| 856 | 4 | 0 |
_3Amazon.com _uhttp://www.amazon.com/exec/obidos/ASIN/0071177221/chopaconline-20 |
| 856 | 4 | 0 |
_3Amazon customer reviews _uhttp://www.chopac.org/cgi-bin/tools/azrev.pl?q=0071177221 |
| 942 |
_aNBS _cBK _k651.7 LOC |
||
| 999 |
_c344511 _d344511 |
||